[Event "Kandidatklassen"]
[Site "Svendborg"]
[Date "2016.03.23"]
[Round "2"]
[White "Laursen, Niels Norskov"]
[Black "Grubert, Christian"]
[Result "1-0"]
[WhiteElo "2289"]
[BlackElo "2186"]
[PlyCount "47"]
[EventDate "2016.03.22"]
[EventType "swiss"]
[EventRounds "7"]
[EventCountry "DEN"]

1. e4 c5 2. Nf3 g6 3. Nc3 Bg7 4. d4 cxd4 5. Nxd4 Nc6 6. Be3 Nf6 7. Bc4 O-O 8.
Bb3 e6 9. O-O d5 10. exd5 Nxd5 11. Nxd5 Nxd4 12. Bxd4 Bxd4 13. Qxd4 exd5 14.
Bxd5 Bf5 15. c4 Qd7 16. Rfe1 Be6 17. Rad1 Rfd8 18. h4 Bxd5 19. cxd5 Rac8 20. h5
b5 21. h6 f5 22. d6 Re8 23. Rxe8+ Rxe8 24. Rc1 1-0

[Event "Kandidatklassen"]
[Site "Svendborg"]
[Date "2016.03.23"]
[Round "2"]
[White "Dyrgaard, Kristoffer"]
[Black "Thogersen, Rasmus"]
[Result "1/2-1/2"]
[WhiteElo "2308"]
[BlackElo "2109"]
[PlyCount "114"]
[EventDate "2016.03.22"]
[EventType "swiss"]
[EventRounds "7"]
[EventCountry "DEN"]

1. e4 c5 2. Nf3 d6 3. d4 cxd4 4. Nxd4 Nf6 5. Nc3 a6 6. Bg5 Nbd7 7. Qd2 e6 8.
O-O-O h6 9. Bh4 Nxe4 10. Nxe4 Qxh4 11. Re1 Nf6 12. Nxd6+ Bxd6 13. Nf5 Bf4 14.
Nxh4 Bxd2+ 15. Kxd2 Bd7 16. Nf5 O-O 17. Nd4 Rfd8 18. Kc1 Rac8 19. c3 Ng4 20. f3
e5 21. Nc2 Nf2 22. Rg1 Be6 23. Be2 Bf5 24. Rgf1 Nd3+ 25. Bxd3 Bxd3 26. Rf2 f6
27. Rd2 Bb5 28. Red1 Rxd2 29. Rxd2 Kf7 30. Ne3 Rc7 31. Nf5 Ke6 32. Nd6 Bf1 33.
Ne4 f5 34. Ng3 Bb5 35. h4 Rd7 36. Rxd7 Bxd7 37. Kd2 Bc6 38. Kd3 g6 39. Nf1 e4+
40. Ke3 exf3 41. gxf3 Bd5 42. a3 g5 43. hxg5 hxg5 44. f4 Be4 45. Ng3 gxf4+ 46.
Kxf4 Bb1 47. Nf1 Bd3 48. Ne3 b6 49. a4 a5 50. b3 Be4 51. b4 Bd3 52. bxa5 bxa5
53. Nd1 Bc2 54. Ne3 Bd3 55. Nd1 Bc2 56. Ne3 Bxa4 57. Nc4 Bb3 1/2-1/2

[Event "Kandidatklassen"]
[Site "Svendborg"]
[Date "2016.03.24"]
[Round "3"]
[White "Jepsen, Thomas Stausholm"]
[Black "Thuesen, Mogens Henrik"]
[Result "0-1"]
[WhiteElo "2085"]
[BlackElo "2207"]
[PlyCount "66"]
[EventDate "2016.03.22"]
[EventType "swiss"]
[EventRounds "7"]
[EventCountry "DEN"]

1. e4 e6 2. d3 d5 3. Nd2 Nf6 4. g3 Nc6 5. Bg2 dxe4 6. dxe4 e5 7. Ngf3 Bc5 8.
O-O b6 9. c3 a5 10. Nb3 Bd6 11. Re1 O-O 12. Bg5 h6 13. Bxf6 Qxf6 14. Nbd4 exd4
15. e5 Nxe5 16. Nxe5 Bxe5 17. Rxe5 Qxe5 18. cxd4 Qb5 19. Bxa8 Qxb2 20. Bf3 Rd8
21. d5 Bf5 22. Rc1 c5 23. Qe1 a4 24. Qe3 Qxa2 25. Qe7 Rxd5 26. Qe8+ Kh7 27. Bh5
Bg6 28. Bxg6+ fxg6 29. Re1 Rf5 30. Re2 Qa1+ 31. Kg2 Qd4 32. h4 a3 33. Qa8 Qd5+
0-1

[Event "Kandidatklassen"]
[Site "Svendborg"]
[Date "2016.03.24"]
[Round "3"]
[White "Jacobsen, Mikkel Manosri"]
[Black "Rostgaard, Tobias Valentin"]
[Result "1-0"]
[WhiteElo "2181"]
[BlackElo "2222"]
[PlyCount "79"]
[EventDate "2016.03.22"]
[EventType "swiss"]
[EventRounds "7"]
[EventCountry "DEN"]

1. d4 Nf6 2. Nf3 e6 3. c4 Bb4+ 4. Nbd2 d6 5. a3 Bxd2+ 6. Qxd2 Nbd7 7. e3 e5 8.
Qc2 O-O 9. Be2 Qe7 10. b4 a5 11. Bb2 axb4 12. axb4 Rxa1+ 13. Bxa1 e4 14. Nd2 c6
15. O-O Re8 16. Rb1 Nf8 17. b5 Ng6 18. Qa4 c5 19. dxc5 dxc5 20. Bxf6 Qxf6 21.
b6 Qe7 22. Nb3 Bd7 23. Qa5 Rc8 24. Rd1 Be6 25. Qa7 Nh4 26. Na5 Qg5 27. g3 Nf3+
28. Bxf3 exf3 29. Qxb7 h5 30. Qxf3 Bg4 31. b7 Rb8 32. Qd5 Qf6 33. Rb1 Bf3 34.
Qxc5 Qe6 35. Kf1 Qe4 36. Qb5 Bg4 37. Ke1 Qh1+ 38. Kd2 Rd8+ 39. Kc3 Qe4 40. Qd5
1-0

[Event "Kandidatklassen"]
[Site "Svendborg"]
[Date "2016.03.24"]
[Round "3"]
[White "Kristensen, Bjarke Hautop"]
[Black "Moller, Morten Kock"]
[Result "1/2-1/2"]
[WhiteElo "2150"]
[BlackElo "2244"]
[PlyCount "77"]
[EventDate "2016.03.22"]
[EventType "swiss"]
[EventRounds "7"]
[EventCountry "DEN"]

1. c4 f5 2. g3 Nf6 3. Bg2 e6 4. Nf3 Be7 5. O-O O-O 6. Nc3 d6 7. b4 Qe8 8. d3
Qh5 9. e4 fxe4 10. dxe4 e5 11. Ne1 Bg4 12. f3 Be6 13. Nd5 Bd8 14. Nc2 Nc6 15.
Bb2 Kh8 16. Qd3 a6 17. a3 Rc8 18. Rac1 Ne7 19. Nce3 Nfxd5 20. cxd5 Bd7 21. Rf2
Ng6 22. Rc3 Bg5 23. Qc2 Bxe3 24. Rxe3 c6 25. dxc6 Rxc6 26. Qd1 Ne7 27. Rd3 Nc8
28. Rfd2 Be6 29. Rxd6 Nxd6 30. Rxd6 Qg5 31. f4 exf4 32. Rxc6 bxc6 33. Qd6 Re8
34. Qxc6 Qd8 35. gxf4 Qd1+ 36. Bf1 Qg4+ 37. Bg2 Qd1+ 38. Bf1 Qg4+ 39. Bg2
1/2-1/2

[Event "Kandidatklassen"]
[Site "Svendborg"]
[Date "2016.03.24"]
[Round "3"]
[White "Olsen, Filip Boe"]
[Black "Knudsen, Jesper"]
[Result "1-0"]
[WhiteElo "2192"]
[BlackElo "2087"]
[PlyCount "79"]
[EventDate "2016.03.22"]
[EventType "swiss"]
[EventRounds "7"]
[EventCountry "DEN"]

1. d4 Nf6 2. Nf3 g6 3. Bf4 Bg7 4. e3 d6 5. h3 O-O 6. c4 c5 7. Nc3 Nc6 8. d5 Nb8
9. Bd3 a6 10. O-O Re8 11. Nd2 Nbd7 12. Bh2 Nf8 13. a4 e5 14. f4 exf4 15. exf4
Qe7 16. Re1 Qxe1+ 17. Qxe1 Rxe1+ 18. Rxe1 Bd7 19. f5 Re8 20. Rd1 Re3 21. Nf1
Rxd3 22. Rxd3 Bxf5 23. Re3 N6d7 24. Re8 Be5 25. Ng3 Bd3 26. Nge4 Bxc4 27. Nxd6
Bd4+ 28. Kh1 Bb3 29. Nde4 b5 30. axb5 axb5 31. Nxb5 Bxb2 32. Nec3 f5 33. Bd6
Kf7 34. Rc8 g5 35. Bxc5 Nxc5 36. Rxc5 Kf6 37. Rc7 Bc1 38. Nd6 Ng6 39. Ne8+ Ke5
40. d6 1-0

[Event "Kandidatklassen"]
[Site "Svendborg"]
[Date "2016.03.24"]
[Round "3"]
[White "Moller, Sophus Mechlenburg"]
[Black "Christensen, Christian Sylvester"]
[Result "0-1"]
[WhiteElo "2102"]
[BlackElo "2109"]
[PlyCount "104"]
[EventDate "2016.03.22"]
[EventType "swiss"]
[EventRounds "7"]
[EventCountry "DEN"]

1. e4 c5 2. Nf3 e6 3. d4 cxd4 4. Nxd4 a6 5. Nc3 b5 6. a3 d6 7. Bd3 Ne7 8. O-O
Nec6 9. Nb3 Ne5 10. Qe2 Be7 11. f4 Nxd3 12. cxd3 O-O 13. Kh1 Bb7 14. Bd2 Re8
15. Rf3 Bf8 16. Rh3 g6 17. Rf1 Bg7 18. Qf2 f5 19. Nd4 Nd7 20. Re1 Nf8 21. Nf3
Qd7 22. Ng5 Bf6 23. Nd1 Rac8 24. Bc3 e5 25. Ne3 Rxc3 26. bxc3 exf4 27. Qxf4 Qe7
28. Nf3 Ne6 29. Qh6 fxe4 30. dxe4 Ng5 31. Nxg5 Bxg5 32. Nf5 Bxh6 33. Nxe7+ Kg7
34. Nd5 Bxd5 35. Rd3 Bxe4 36. Rxd6 Bxg2+ 37. Kxg2 Rxe1 38. Rxa6 Bd2 39. Rb6 Re5
40. Rc6 Bc1 41. c4 Bxa3 42. cxb5 Rxb5 43. h4 h5 44. Kh3 Rb3+ 45. Kg2 Rb4 46.
Kg3 Bb2 47. Rc7+ Kh6 48. Rf7 Be5+ 49. Kh3 Bc3 50. Rf1 Re4 51. Kg3 Be1+ 52. Kf3
Kg7 0-1

[Event "Kandidatklassen"]
[Site "Svendborg"]
[Date "2016.03.24"]
[Round "3"]
[White "Grubert, Christian"]
[Black "Aagaard, Gert"]
[Result "1/2-1/2"]
[WhiteElo "2186"]
[BlackElo "2079"]
[PlyCount "50"]
[EventDate "2016.03.22"]
[EventType "swiss"]
[EventRounds "7"]
[EventCountry "DEN"]

1. e4 c6 2. d3 d5 3. Qe2 dxe4 4. dxe4 e5 5. Nf3 Nf6 6. g3 Be7 7. Bg2 O-O 8. O-O
Qc7 9. Nbd2 b6 10. b3 Re8 11. Bb2 Nfd7 12. Rfe1 Bf6 13. Rad1 Nf8 14. Nc4 Ba6
15. Qd3 Nbd7 16. Qd6 Qxd6 17. Nxd6 Red8 18. Rd2 Ng6 19. Red1 Nc5 20. c4 Ne6 21.
Ba3 c5 22. h4 Nd4 23. Nxd4 Rxd6 24. Nf3 Rxd2 25. Rxd2 Bb7 1/2-1/2

[Event "Kandidatklassen"]
[Site "Svendborg"]
[Date "2016.03.24"]
[Round "3"]
[White "Bekker Jensen, David"]
[Black "Hansen, Mads"]
[Result "0-1"]
[WhiteElo "2230"]
[BlackElo "2297"]
[PlyCount "60"]
[EventDate "2016.03.22"]
[EventType "swiss"]
[EventRounds "7"]
[EventCountry "DEN"]

1. d4 d5 2. c4 e6 3. Nc3 c6 4. e3 Bd6 5. Qc2 f5 6. Bd3 Nf6 7. cxd5 exd5 8. Bxf5
O-O 9. Nf3 Na6 10. a3 Bxf5 11. Qxf5 Nc7 12. Qd3 Qe8 13. b3 Ne6 14. Kd1 Rc8 15.
Re1 c5 16. h3 Qc6 17. Bb2 Ne4 18. Nxe4 dxe4 19. Qc4 Be7 20. Ne5 Qd6 21. d5 Bf6
22. Ra2 b5 23. Qxe4 Ng5 24. Qg4 Qxd5+ 25. Kc2 c4 26. bxc4 Bxe5 27. Qxg5 Qe4+
28. Kd2 Rfd8+ 29. Ke2 Qxc4+ 30. Kf3 Rf8+ 0-1

[Event "Kandidatklassen"]
[Site "Svendborg"]
[Date "2016.03.24"]
[Round "3"]
[White "Matthiesen, Martin"]
[Black "Jaksland, Tim"]
[Result "1/2-1/2"]
[WhiteElo "2396"]
[BlackElo "2261"]
[PlyCount "59"]
[EventDate "2016.03.22"]
[EventType "swiss"]
[EventRounds "7"]
[EventCountry "DEN"]

1. d4 Nf6 2. c4 c5 3. Nf3 cxd4 4. Nxd4 b6 5. Nc3 Bb7 6. f3 e6 7. e4 Bc5 8. Be3
Nc6 9. Be2 O-O 10. Qd2 d5 11. Nxc6 Bxc6 12. Bxc5 bxc5 13. cxd5 exd5 14. exd5
Nxd5 15. O-O-O Nxc3 16. Qxc3 Qg5+ 17. Kb1 Rfd8 18. g3 Rxd1+ 19. Rxd1 Re8 20.
Rd2 g6 21. f4 Qf5+ 22. Bd3 Be4 23. Bxe4 Qxe4+ 24. Qc2 Qh1+ 25. Rd1 Re1 26. Rxe1
Qxe1+ 27. Qc1 Qe4+ 28. Ka1 Qd4 29. a3 a5 30. f5 1/2-1/2

[Event "Kandidatklassen"]
[Site "Svendborg"]
[Date "2016.03.24"]
[Round "3"]
[White "Thybo, Jesper Sondergaard"]
[Black "Jorgensen, Brian"]
[Result "1-0"]
[WhiteElo "2316"]
[BlackElo "2288"]
[PlyCount "67"]
[EventDate "2016.03.22"]
[EventType "swiss"]
[EventRounds "7"]
[EventCountry "DEN"]

1. d4 d5 2. c4 e6 3. Nc3 Nf6 4. Nf3 c5 5. cxd5 Nxd5 6. e4 cxd4 7. Qxd4 Nc6 8.
Bb5 Nxc3 9. Qxc3 Bd7 10. O-O Qb6 11. a4 Qc5 12. Qd3 a6 13. Rd1 Qe7 14. Bxc6
Bxc6 15. Ne5 Rc8 16. Bf4 f6 17. Nxc6 Rxc6 18. Rac1 Rxc1 19. Rxc1 e5 20. Rc8+
Kf7 21. Qd5+ Kg6 22. Be3 Qb4 23. h4 h5 24. Kh2 Qxa4 25. b3 Qb5 26. Qe6 Qb4 27.
Qe8+ Kh7 28. Qxh5+ Kg8 29. Qg4 f5 30. Qxf5 Rxh4+ 31. Kg3 Rf4 32. Bxf4 exf4+ 33.
Kxf4 Qd6+ 34. Kg4 1-0

[Event "Kandidatklassen"]
[Site "Svendborg"]
[Date "2016.03.24"]
[Round "3"]
[White "Thogersen, Rasmus"]
[Black "Laursen, Niels Norskov"]
[Result "1-0"]
[WhiteElo "2109"]
[BlackElo "2289"]
[PlyCount "61"]
[EventDate "2016.03.22"]
[EventType "swiss"]
[EventRounds "7"]
[EventCountry "DEN"]

1. e4 c5 2. Nf3 e6 3. d4 cxd4 4. Nxd4 a6 5. Bd3 g6 6. Be3 Bg7 7. Nc3 Ne7 8. Qd2
O-O 9. h4 d5 10. exd5 Nxd5 11. Bg5 Qc7 12. Nxd5 exd5 13. Ne2 Bxb2 14. Rb1 Be5
15. h5 Re8 16. Kf1 Nc6 17. f4 Bh8 18. f5 Ne5 19. hxg6 fxg6 20. fxg6 hxg6 21.
Rb4 Bg4 22. Rxg4 Nxg4 23. Bxg6 Qe5 24. Rh4 Rf8+ 25. Kg1 Qa1+ 26. Qc1 Qxc1+ 27.
Bxc1 Nf6 28. Nd4 Ne4 29. Nf5 Bf6 30. Rh7 Rfd8 31. Nh6+ 1-0

[Event "Kandidatklassen"]
[Site "Svendborg"]
[Date "2016.03.24"]
[Round "3"]
[White "Schou Moldt, Thomas"]
[Black "Larsen, Peter"]
[Result "1-0"]
[WhiteElo "2186"]
[BlackElo "2284"]
[PlyCount "105"]
[EventDate "2016.03.22"]
[EventType "swiss"]
[EventRounds "7"]
[EventCountry "DEN"]

1. e4 c5 2. Nf3 Nc6 3. Nc3 g6 4. d4 cxd4 5. Nxd4 Bg7 6. Be3 Nf6 7. Nxc6 bxc6 8.
e5 Nd5 9. Nxd5 cxd5 10. Qxd5 Rb8 11. Bc4 O-O 12. O-O Bb7 13. Qd4 Qc7 14. f4 d6
15. Bb3 Qc6 16. Rf2 dxe5 17. fxe5 Rbc8 18. Qf4 e6 19. c3 f6 20. exf6 Rxf6 21.
Qg4 Rxf2 22. Bxf2 Kh8 23. Re1 e5 24. Bc2 Rf8 25. Be4 Qa4 26. Qe2 Bxe4 27. Qxe4
Qxa2 28. Bc5 Rd8 29. Be7 Re8 30. Ba3 Qb3 31. Rf1 Rd8 32. c4 Qa4 33. h3 Kg8 34.
Be7 Rc8 35. Qd5+ Kh8 36. b4 Qb3 37. Bc5 Qc2 38. Qe6 Rd8 39. Be7 Rg8 40. Bf6 h5
41. Bxe5 Qb3 42. Bxg7+ Rxg7 43. b5 Qd3 44. Rf4 Kh7 45. Qe4 Qd6 46. Qd4 Qc7 47.
Rf8 Qe7 48. Qf4 Qe6 49. c5 Re7 50. c6 Kg7 51. Rb8 Kh7 52. c7 g5 53. Qc1 1-0

[Event "Kandidatklassen"]
[Site "Svendborg"]
[Date "2016.03.24"]
[Round "3"]
[White "Jensen, Jacob Bjerre"]
[Black "Dyrgaard, Kristoffer"]
[Result "1/2-1/2"]
[WhiteElo "2189"]
[BlackElo "2308"]
[PlyCount "84"]
[EventDate "2016.03.22"]
[EventType "swiss"]
[EventRounds "7"]
[EventCountry "DEN"]

1. d4 Nf6 2. c4 g6 3. Nc3 d5 4. cxd5 Nxd5 5. e4 Nxc3 6. bxc3 Bg7 7. Bc4 c5 8.
Ne2 O-O 9. O-O Nc6 10. Be3 Na5 11. Bd3 b6 12. e5 Be6 13. Nf4 Bc4 14. Bxc4 Nxc4
15. Qa4 cxd4 16. cxd4 Nxe3 17. fxe3 e6 18. Rac1 Qe7 19. Qa6 Qd7 20. Rf3 Rac8
21. Rcf1 Rc2 22. Nd3 Qc7 23. Nf2 Rc1 24. Ne4 Rxf1+ 25. Qxf1 Rd8 26. h4 h6 27.
Nd6 Rd7 28. Ne8 Qd8 29. Nf6+ Bxf6 30. Rxf6 Kg7 31. Qf2 Qa8 32. h5 g5 33. Rf3
Qe4 34. Rg3 Rc7 35. Qf6+ Kh7 36. Kh2 b5 37. Qd8 Rc2 38. Qe8 Rxg2+ 39. Rxg2 Qh4+
40. Kg1 Qe1+ 41. Kh2 Qh4+ 42. Kg1 Qe1+ 1/2-1/2

[Event "Kandidatklassen"]
[Site "Svendborg"]
[Date "2016.03.24"]
[Round "3"]
[White "Percivaldi, Martin"]
[Black "Seegert, Kristian"]
[Result "1/2-1/2"]
[WhiteElo "2270"]
[BlackElo "2266"]
[PlyCount "125"]
[EventDate "2016.03.22"]
[EventType "swiss"]
[EventRounds "7"]
[EventCountry "DEN"]

1. Nf3 f5 2. d4 Nf6 3. g3 g6 4. Bg2 Bg7 5. b3 O-O 6. Bb2 d6 7. O-O c6 8. c4 Na6
9. Nbd2 e5 10. dxe5 Ng4 11. Qc2 Nxe5 12. Rad1 Qc7 13. a3 Nc5 14. b4 Ne6 15. Nb3
Nxf3+ 16. Bxf3 Be5 17. Bg2 f4 18. Nc1 Ng5 19. Nd3 f3 20. exf3 Nxf3+ 21. Bxf3
Bxb2 22. Qe2 Bf6 23. Bg4 Qe7 24. Qxe7 Bxe7 25. Bxc8 Raxc8 26. Nf4 Rf6 27. Rfe1
Kf7 28. Rd3 Bf8 29. Rde3 h6 30. h4 Rc7 31. h5 gxh5 32. Nxh5 Rf5 33. g4 Re5 34.
Rxe5 dxe5 35. Rxe5 Kg6 36. Rf5 Bg7 37. Nxg7 Rxg7 38. Kf1 Rd7 39. Rf4 Rd3 40. a4
c5 41. bxc5 Ra3 42. Rd4 Kg5 43. Kg2 Rxa4 44. Kg3 Ra3+ 45. f3 Rc3 46. Rd6 a5 47.
c6 bxc6 48. Rxc6 a4 49. Ra6 a3 50. c5 h5 51. gxh5 Kxh5 52. Kf4 Rxc5 53. Rxa3
Kg6 54. Ra6+ Kf7 55. Rd6 Ra5 56. Ke4 Ke7 57. Rb6 Kf7 58. f4 Ke7 59. Kf3 Kf7 60.
Kg4 Kg7 61. Rb7+ Kf6 62. Rb4 Kg6 63. Rb6+ 1/2-1/2

[Event "Kandidatklassen"]
[Site "Svendborg"]
[Date "2016.03.25"]
[Round "4"]
[White "Christensen, Christian Sylvester"]
[Black "Rostgaard, Tobias Valentin"]
[Result "0-1"]
[WhiteElo "2109"]
[BlackElo "2222"]
[PlyCount "66"]
[EventDate "2016.03.22"]
[EventType "swiss"]
[EventRounds "7"]
[EventCountry "DEN"]

1. g3 d5 2. Bg2 Nf6 3. d3 c5 4. Nc3 Nc6 5. Nf3 Bf5 6. Nh4 Bg6 7. O-O e6 8. e4
Bh5 9. Qd2 dxe4 10. Nxe4 Nxe4 11. Bxe4 Be7 12. Bf3 Bxf3 13. Nxf3 Qd5 14. Qe2
O-O 15. Be3 Rfd8 16. a4 Bf6 17. Rab1 Nb4 18. Rfc1 Rac8 19. Nd2 b6 20. Nc4 Qc6
21. Ra1 a6 22. Rcb1 b5 23. axb5 axb5 24. Na5 Qd5 25. Nb3 c4 26. dxc4 Qxc4 27.
Qf3 Nxc2 28. Na5 Qc7 29. Ra2 Nxe3 30. Qxe3 Qc2 31. Rba1 Rd1+ 32. Rxd1 Qxd1+ 33.
Kg2 Qd5+ 0-1

[Event "Kandidatklassen"]
[Site "Svendborg"]
[Date "2016.03.25"]
[Round "4"]
[White "Thuesen, Mogens Henrik"]
[Black "Bekker Jensen, David"]
[Result "1-0"]
[WhiteElo "2207"]
[BlackElo "2230"]
[PlyCount "71"]
[EventDate "2016.03.22"]
[EventType "swiss"]
[EventRounds "7"]
[EventCountry "DEN"]

1. d4 Nf6 2. Bg5 e6 3. e4 h6 4. Bxf6 Qxf6 5. c3 d6 6. Bd3 e5 7. Ne2 g6 8. Nd2
Bg7 9. O-O O-O 10. f4 exd4 11. cxd4 c5 12. dxc5 Qxb2 13. Nb3 dxc5 14. Bc4 Nc6
15. Rb1 Qa3 16. f5 Ne5 17. Bd5 c4 18. Nbd4 Qe3+ 19. Kh1 Nd3 20. f6 Bh8 21. Bxc4
Nf2+ 22. Rxf2 Qxf2 23. e5 Bg4 24. Qd3 Kh7 25. h3 Bxe2 26. Nxe2 Rad8 27. Qe4 b6
28. Bd5 Bxf6 29. Nf4 Bg7 30. e6 f5 31. Qb4 Rfe8 32. Bc6 Rd4 33. Qa3 Red8 34.
Qf3 Qxf3 35. gxf3 Rxf4 36. e7 1-0

[Event "Kandidatklassen"]
[Site "Svendborg"]
[Date "2016.03.25"]
[Round "4"]
[White "Moller, Morten Kock"]
[Black "Jensen, Jacob Bjerre"]
[Result "1/2-1/2"]
[WhiteElo "2244"]
[BlackElo "2189"]
[PlyCount "64"]
[EventDate "2016.03.22"]
[EventType "swiss"]
[EventRounds "7"]
[EventCountry "DEN"]

1. e4 c5 2. c3 Nf6 3. e5 Nd5 4. Nf3 Nc6 5. Bc4 Nb6 6. Bb3 d5 7. exd6 Qxd6 8.
Na3 Be6 9. d4 c4 10. Bc2 Bd5 11. O-O g6 12. Nb5 Qd7 13. Bf4 Rc8 14. Re1 e6 15.
Ne5 Qd8 16. a4 a6 17. Na3 Bg7 18. Ng4 O-O 19. Bh6 Qh4 20. Bxg7 Kxg7 21. Ne3 Na5
22. Nxd5 Nxd5 23. Qf3 Qf6 24. Qg3 Rc6 25. Re4 Rb6 26. Rb1 Rc8 27. Re5 Nb3 28.
Rd1 Na5 29. Rb1 Nb3 30. Rd1 Na5 31. Rb1 Nb3 32. Rd1 Na5 1/2-1/2

[Event "Kandidatklassen"]
[Site "Svendborg"]
[Date "2016.03.25"]
[Round "4"]
[White "Larsen, Peter"]
[Black "Grubert, Christian"]
[Result "1-0"]
[WhiteElo "2284"]
[BlackElo "2186"]
[PlyCount "79"]
[EventDate "2016.03.22"]
[EventType "swiss"]
[EventRounds "7"]
[EventCountry "DEN"]

1. d4 f5 2. Bg5 Nf6 3. Bxf6 exf6 4. e3 d5 5. c4 Bb4+ 6. Nc3 Bxc3+ 7. bxc3 O-O
8. cxd5 Qxd5 9. Qb3 Qxb3 10. axb3 b6 11. Bc4+ Kh8 12. Bd5 c6 13. Bf3 Bb7 14. h4
Na6 15. h5 Nc7 16. Ne2 Ne6 17. b4 Ng5 18. Nf4 Nxf3+ 19. gxf3 Rfe8 20. Ke2 a6
21. Rhb1 Rad8 22. Kf1 Rd7 23. c4 Kg8 24. Rb2 Kf7 25. Rc1 Ree7 26. Kg2 Re8 27.
Kg3 Ree7 28. c5 bxc5 29. bxc5 g5 30. hxg6+ hxg6 31. Nd3 g5 32. f4 gxf4+ 33.
Nxf4 Rc7 34. Rh1 Kg8 35. Kf3 Bc8 36. Rb8 Kg7 37. Rg1+ Kh7 38. Rg3 Rf7 39. Nh5
Kh6 40. Rb1 1-0

[Event "Kandidatklassen"]
[Site "Svendborg"]
[Date "2016.03.25"]
[Round "4"]
[White "Knudsen, Jesper"]
[Black "Jepsen, Thomas Stausholm"]
[Result "1-0"]
[WhiteElo "2087"]
[BlackElo "2085"]
[PlyCount "81"]
[EventDate "2016.03.22"]
[EventType "swiss"]
[EventRounds "7"]
[EventCountry "DEN"]

1. e4 d6 2. d4 Nf6 3. Nc3 c6 4. h3 Nbd7 5. Be3 e5 6. Nge2 Qa5 7. Ng3 g6 8. Qd2
h5 9. Bd3 a6 10. O-O b5 11. a3 Qc7 12. f4 Bh6 13. Rf2 Bb7 14. fxe5 Bxe3 15.
Qxe3 dxe5 16. Nge2 h4 17. Raf1 O-O-O 18. Rxf6 Nxf6 19. Rxf6 exd4 20. Nxd4 Qe5
21. Rxc6+ Bxc6 22. Nxc6 Rxd3 23. cxd3 Qc7 24. Nd5 Qg3 25. Qxg3 hxg3 26. Ne5 Kb7
27. Kf1 Rc8 28. Nc3 a5 29. Ke2 b4 30. axb4 axb4 31. Na4 Rc1 32. Kf3 f6 33. Nd7
Kc6 34. Ndc5 Kb5 35. b3 Rc2 36. d4 f5 37. exf5 gxf5 38. Kxg3 Rd2 39. Kf3 Rxd4
40. g4 fxg4+ 41. hxg4 1-0

[Event "Kandidatklassen"]
[Site "Svendborg"]
[Date "2016.03.25"]
[Round "4"]
[White "Nord, Michael"]
[Black "Moller, Sophus Mechlenburg"]
[Result "0-1"]
[WhiteElo "2064"]
[BlackElo "2102"]
[PlyCount "79"]
[EventDate "2016.03.22"]
[EventType "swiss"]
[EventRounds "7"]
[EventCountry "DEN"]

1. e4 c5 2. Nf3 d6 3. Bb5+ Nc6 4. Bxc6+ bxc6 5. O-O g6 6. Re1 e5 7. d3 Bg7 8.
Nbd2 Nf6 9. b4 cxb4 10. a3 c5 11. axb4 cxb4 12. c3 bxc3 13. Nc4 O-O 14. Ba3 Ne8
15. Bb4 Be6 16. Bxc3 f6 17. Na5 d5 18. Qa4 Rf7 19. Reb1 Qc8 20. Bd2 Rc7 21. Rc1
Qa6 22. Rc6 Rxc6 23. Qxc6 Qxc6 24. Nxc6 dxe4 25. dxe4 a6 26. Ba5 Nd6 27. Nd2
Bf8 28. f3 Rc8 29. Nd8 Bd7 30. Rb1 Nb5 31. Nb3 Be7 32. Nb7 Rc2 33. Bb6 Nc3 34.
Ra1 Rb2 35. N7c5 Be8 36. Rxa6 Bf7 37. Ra8+ Kg7 38. Ra7 Bxc5+ 39. Bxc5 Rxb3 40.
Be7 0-1

[Event "Kandidatklassen"]
[Site "Svendborg"]
[Date "2016.03.25"]
[Round "4"]
[White "Aagaard, Gert"]
[Black "Stentebjerg Hansen, Per"]
[Result "0-1"]
[WhiteElo "2079"]
[BlackElo "2291"]
[PlyCount "78"]
[EventDate "2016.03.22"]
[EventType "swiss"]
[EventRounds "7"]
[EventCountry "DEN"]

1. e4 c6 2. d4 d5 3. e5 Bf5 4. Nf3 e6 5. Be2 c5 6. Be3 cxd4 7. Nxd4 Ne7 8. Bg5
Qa5+ 9. Nc3 Nbc6 10. Bb5 a6 11. Bxe7 axb5 12. Nxf5 Bxe7 13. Nxe7 Kxe7 14. O-O
b4 15. Ne2 Qc5 16. Qd2 h6 17. Rfe1 Rhc8 18. c3 b5 19. Rac1 Qb6 20. cxb4 Nxe5
21. Nc3 f6 22. Qxd5 Rd8 23. Qe4 Rac8 24. Rcd1 Rc4 25. Qe2 Rxb4 26. Rxd8 Kxd8
27. Rd1+ Ke7 28. Qd2 Rc4 29. h3 Kf7 30. Kh1 b4 31. Na4 Qc6 32. b3 Rc2 33. Qe3
Rxa2 34. Nc5 Rc2 35. Ne4 Kg8 36. Rd8+ Kh7 37. Rd6 Qc7 38. Rxe6 Rc1+ 39. Kh2
Nf3# 0-1

[Event "Kandidatklassen"]
[Site "Svendborg"]
[Date "2016.03.25"]
[Round "4"]
[White "Jorgensen, Brian"]
[Black "Jacobsen, Mikkel Manosri"]
[Result "1/2-1/2"]
[WhiteElo "2288"]
[BlackElo "2181"]
[PlyCount "52"]
[EventDate "2016.03.22"]
[EventType "swiss"]
[EventRounds "7"]
[EventCountry "DEN"]

1. d4 d5 2. c4 e6 3. Nc3 Nf6 4. Nf3 Be7 5. e3 O-O 6. Bd3 a6 7. O-O dxc4 8. Bxc4
b5 9. Bd3 c5 10. dxc5 Bxc5 11. e4 b4 12. Na4 Be7 13. Bf4 Bb7 14. Rc1 Nc6 15.
Nc5 Bxc5 16. Rxc5 Qb6 17. Rc4 Rfd8 18. e5 Nd5 19. Bxh7+ Kxh7 20. Ng5+ Kg8 21.
Qh5 Rd7 22. Qh7+ Kf8 23. Qh8+ Ke7 24. Qxg7 Kd8 25. Bg3 Qb5 26. b3 Nc3 1/2-1/2

[Event "Kandidatklassen"]
[Site "Svendborg"]
[Date "2016.03.25"]
[Round "4"]
[White "Matthiesen, Martin"]
[Black "Thogersen, Rasmus"]
[Result "1-0"]
[WhiteElo "2396"]
[BlackElo "2109"]
[PlyCount "45"]
[EventDate "2016.03.22"]
[EventType "swiss"]
[EventRounds "7"]
[EventCountry "DEN"]

1. c4 e5 2. g3 Nc6 3. Nc3 g6 4. Bg2 Bg7 5. d3 d6 6. e4 Nge7 7. Nge2 O-O 8. O-O
Be6 9. Nd5 Qd7 10. Be3 f5 11. Qd2 Rf7 12. Rac1 Nd8 13. d4 fxe4 14. Nxe7+ Rxe7
15. d5 Bh3 16. Nc3 Bxg2 17. Kxg2 Qg4 18. Qc2 Qf3+ 19. Kg1 Nf7 20. Qxe4 Qh5 21.
Qg2 Bh6 22. Ne4 Kg7 23. g4 1-0

[Event "Kandidatklassen"]
[Site "Svendborg"]
[Date "2016.03.25"]
[Round "4"]
[White "Hansen, Mads"]
[Black "Thybo, Jesper Sondergaard"]
[Result "0-1"]
[WhiteElo "2297"]
[BlackElo "2316"]
[PlyCount "64"]
[EventDate "2016.03.22"]
[EventType "swiss"]
[EventRounds "7"]
[EventCountry "DEN"]

1. e4 c6 2. d4 d5 3. exd5 cxd5 4. c4 Nf6 5. Nc3 Nc6 6. Bg5 Be6 7. a3 g6 8. Bxf6
exf6 9. c5 Bg7 10. Bb5 O-O 11. Nge2 f5 12. O-O Qf6 13. Bxc6 bxc6 14. f4 Rfb8
15. b4 a5 16. Qd2 Bc8 17. b5 cxb5 18. Nxd5 Qd8 19. Ne3 Ba6 20. Rfd1 b4 21. Nc1
b3 22. Rb1 a4 23. Rb2 Ra7 24. Qc3 Rd7 25. Rbd2 Rxd4 26. Rxd4 Bxd4 27. Rxd4 Qxd4
28. Qxd4 b2 29. Qc3 b1=Q 30. c6 Qe4 31. c7 Re8 32. Nc2 Qxf4 0-1

[Event "Kandidatklassen"]
[Site "Svendborg"]
[Date "2016.03.25"]
[Round "4"]
[White "Jaksland, Tim"]
[Black "Percivaldi, Martin"]
[Result "0-1"]
[WhiteElo "2261"]
[BlackElo "2270"]
[PlyCount "64"]
[EventDate "2016.03.22"]
[EventType "swiss"]
[EventRounds "7"]
[EventCountry "DEN"]

1. Nf3 d5 2. c4 c6 3. g3 Nf6 4. Bg2 Bg4 5. Ne5 Be6 6. cxd5 Bxd5 7. Nf3 c5 8.
Nc3 Bc6 9. d3 e6 10. O-O Be7 11. e4 O-O 12. Re1 Qc8 13. Bf4 Rd8 14. Ne5 Nbd7
15. Nxc6 Qxc6 16. Bg5 Ne5 17. f4 Nxd3 18. e5 Qb6 19. Qe2 Ng4 20. Bf3 c4+ 21.
Kh1 Ngf2+ 22. Kg2 Bxg5 23. fxg5 Nxe1+ 24. Rxe1 Nd3 25. Rb1 Qa5 26. Bxb7 Rab8
27. Be4 Nxe5 28. h4 Nd3 29. Nd1 Qxa2 30. Nc3 Rxb2 31. Rxb2 Qxb2 32. Bxd3 Qxc3
0-1